• 首页
  • 本馆介绍
  • 公告通知
  • 最新文献
  • 馆藏检索
  • 电子资源
  • 读者导购
  • 参考咨询
  • 我的图书馆
  • 登录
  • 详细信息显示
  • 放入我的书架
  • 预约/预借图书
  • 作者相关作品
  • 分类相关作品
  • 丛书相关作品
  • 出版社相关作品

书目信息

  • 表格格式
  • 工作单格式
  • 卡片格式
题名:
机器学习基础
    
 
作者: 金升渊 , 郑容朱 著 ;李庚源 译
分册:  
出版信息: 北京   人民邮电出版社  2020
页数: 18,234页
开本: 24cm
丛书名: 图灵程序设计丛书
单 册:
中图分类: TP181
科图分类:
主题词: 机器学习
电子资源:
ISBN: 978-7-115-53949-6
000 01015oam2 2200289 450
001 2069870217
005 20201201192444.83
010    @a978-7-115-53949-6@dCNY69.00
100    @a20200806d2020 em y0chiy50 ea
101 1  @achi@ckor
102    @aCN@b110000
105    @aa z 000yy
200 1  @a机器学习基础@9ji qi xue xi ji chu@b专著@e建模与问题求解@f(韩)金升渊, (韩)郑容朱著@g李庚源译
210    @a北京@c人民邮电出版社@d2020
215    @a18,234页@c图@d24cm
225 2  @a图灵程序设计丛书
305    @a由Hanbit Media,Inc.授权出版
330    @a本书通过图表、示例和代码,既讲述了有助机器学习入门者的基础概念,也涵盖了机器学习开发者在不确定概念时可以查看的核心内容。
461  0 @12001 @a图灵程序设计丛书
517 1  @a建模与问题求解@9jian mo yu wen ti qiu jie
606 0  @a机器学习
690    @aTP181@v5
701  0 @c(韩)@a金升渊@9jin sheng yuan@4著
701  0 @c(韩)@a郑容朱@9zheng rong zhu@4著
702  0 @a李庚源@9li geng yuan@4译
801  2 @aCN@b58marc.cn@c20201127
905    @aZUCC@dTP181@e15
    
    机器学习基础:建模与问题求解/(韩)金升渊, (韩)郑容朱著/李庚源译.-北京:人民邮电出版社,2020
    18,234页:图;24cm.-(图灵程序设计丛书)
    
    
    ISBN 978-7-115-53949-6:CNY69.00
    本书通过图表、示例和代码,既讲述了有助机器学习入门者的基础概念,也涵盖了机器学习开发者在不确定概念时可以查看的核心内容。
●
相关链接 在五车中查询图书 在当当中查询图书 在豆瓣中查询图书


正题名:机器学习基础     索取号:TP181/15         预约/预借

序号 登录号 条形码 馆藏地/架位号 状态 备注
1 2000874200   2000874200   第二书库/ [索取号:TP181/15] 在馆    
2 2000874201   2000874201   第二书库/ [索取号:TP181/15] 在馆    
3 2000874202   2000874202   第二书库/ [索取号:TP181/15] 在馆    
山东省滨州职业学院图书馆 欢迎您!
大连网信软件有限公司© 版权所有